| 000 | 00730nam a2200241 a 4500 | ||
|---|---|---|---|
| 001 | 23590 | ||
| 003 | CO-ViMGA | ||
| 005 | 20230915231710.0 | ||
| 008 | 141112s2004 ck r 000 u spa d | ||
| 020 | _a9789584523679 | ||
| 040 |
_aCO-ViMGA _bspa _cCO-ViMGA |
||
| 082 | 0 | 4 | _a303.69 M333p. |
| 100 | 1 |
_aRÁngel, Alfredo _910903 |
|
| 245 | 1 | 0 |
_aPolítica de seguridad democratica/ _cAlfredo, RÁngel |
| 260 |
_aColombia : _bNorma |
||
| 300 | _a272p. | ||
| 490 | _acara & sello | ||
| 650 | 1 | 4 |
_aCOLOMBIA PRESIDENTE 2002 - 2010 - URIBE VELEZ _910904 |
| 650 | 1 | 4 |
_aCONFLICTO ARMADO - COLOMBIA _910906 |
| 650 | 1 | 4 |
_aGRUPOS SUBERSIVOS - COLOMBIA _910905 |
| 650 | 1 | 4 |
_aPolítica DE SEGURIDAD DEMOCRATICA _910907 |
| 942 |
_2ddc _cBK |
||
| 999 |
_c31708 _d31708 |
||